000 00296 a2200145 4500
001 192591
020 _a978-1-84239-588-2
040 _cMagnum
240 1 0 _aSleeping beauty
_lING
245 1 0 _aSleeping beauty
300 _a12
362 0 _a2006
697 _aLITERATURA INGLESA
942 _cBK
999 _c192591
_d192591